000 00307nam a22001337a 4500
008 170616b xxu||||| |||| 00| 0 eng d
020 _a9781403971456
041 _aeng
080 _a327
100 _a20
101 _aSHP
245 _aPOLITICS IS ABOUT RELATION SHIP
_cSAUNDERS..H.H
942 _2udc
_cBK
999 _c17979
_d17979